| 000 | 01779cam a2200373 a 4500 | ||
|---|---|---|---|
| 001 | 16324817 | ||
| 005 | 20160925145120.0 | ||
| 008 | 100709s2009 caua frb 001 0 eng d | ||
| 010 | _a 2010455716 | ||
| 015 |
_aGBA936337 _2bnb |
||
| 016 | 7 |
_a015109089 _2Uk |
|
| 020 | _a9780596516499 (pbk.) | ||
| 020 | _a0596516495 (pbk.) | ||
| 035 | _a(OCoLC)ocn301885973 | ||
| 040 |
_aBTCTA _beng _cBTCTA _dEG-ScBUE |
||
| 042 | _alccopycat | ||
| 082 | 0 | 4 |
_222 _a005.133 _bBIR |
| 100 | 1 |
_aBird, Steven‏. _941196 |
|
| 245 | 1 | 0 |
_aNatural language processing with Python / _cSteven Bird, Ewan Klein, and Edward Loper. |
| 260 |
_aSebastopol, California : _bO'Reilly Media, Inc., _cc.2009. |
||
| 300 |
_axx, 479 p. : _bill. ; _c24 cm. |
||
| 500 | _a"Analyzing text with the natural language toolkit"--Cover. | ||
| 500 | _aIndex : p. 463-479. | ||
| 504 | _aBibliography : p. 449-458. | ||
| 505 | _aLanguage processing and Python -- Accessing text corpora and lexical resources -- Processing raw text -- Writing structured programs -- Categorizing and tagging words -- Learning to classify text -- Extracting information from text -- Analyzing sentence structure -- Building feature-based grammars -- Analyzing the meaning of sentences -- Managing linguistic data. | ||
| 520 | _aThis is an introduction to natural language processing, which supports a variety of language technologies, from predictive text and email filtering to automatic summarization and translation. | ||
| 650 | 7 |
_aPython (Computer program language). _2BUEsh _913168 |
|
| 650 | 7 |
_aNatural language processing (Computer science). _2BUEsh _94460 |
|
| 651 | _2BUEsh | ||
| 653 |
_bCOMSCI _cSeptember2016 |
||
| 700 | 1 |
_aKlein, Ewan. _941200 |
|
| 700 | 1 |
_aLoper, Edward. _941199 |
|
| 942 |
_2ddc _e22 _k005.133 BIR |
||
| 999 |
_c22392 _d22364 |
||